000 00354nam a2200133Ia 4500
005 20260328101441.0
008 260328s9999||||xx |||||||||||||| ||und||
100 _aLugo Hubp, José
245 0 _aDesastres Naturales en América Latina /
_cJosé Lugo Hubp
260 _bFondo de Cultura Económica
300 _a501 p.
650 _aECOLOGÍA
942 _cBK
999 _c8293
_d8293